Cyclic homology /

Guardado en:
Autor Principal: Loday, Jean-Louis.
Formato: Libro
Idioma:English
Publicado: Berlin : Springer-Verlag, c1992.
Series:Grundlehren der mathematischen Wissenschaften ; 301
Materias:
Etiquetas: Agregar Etiqueta
Sin Etiquetas, Sea el primero en etiquetar este registro!
LEADER 00771pam a2200229 a 4500
001 MAT.inmabb004195
008 920904s1992####gw#a#####b####001#0#eng##
005 20170515162350.0
245 1 0 |a Cyclic homology /  |c Jean-Louis Loday. 
260 |a Berlin :  |b Springer-Verlag,  |c c1992. 
300 |a xvi, 454 p. :  |b il. ;  |c 24 cm. 
440 0 |a Grundlehren der mathematischen Wissenschaften ;  |v 301 
504 |a Incluye referencias bibliográficas (p. 431-444) e índice. 
510 4 |a MR,  |c 94a:19004 
020 |a 0387533397 (U.S.) 
100 1 |a Loday, Jean-Louis. 
650 0 |a Homology theory. 
084 |a 19D55 (17B56 18E25 55N91)  |2 MR 
084 |a 16E40 (13D03 17B55 18G60 19D55)  |2 MR 
010 |a  92034146  
040 |a DLC  |c DLC  |d DLC 
859 |h 19  |i L821  |p A-6564  |b BIB. MATEMATICA